Last Christmas - Lyrics Quiz - Statistics

General Stats
  • This quiz has been taken 219 times
  • The average score is 40 of 47
Answer Stats
% Correct
But the {very} {next} day you gave it away
100%
But the {very} {next} day you gave it away
100%
But the {very} {next} day you gave it away
100%
But the {very} {next} day you gave it away
100%
But the {very} {next} day you gave it away
100%
But the {very} {next} day you gave it away
100%
I'll give it to {someone} special
99%
I'll give it to {someone} special
99%
I'll give it to {someone} special
99%
I'll give it to {someone} special
99%
I'll give it to {someone} special
99%
I'll give it to {someone} special
99%
I'll give it to {someone} special
99%
{Last} {Christmas}, I gave you my heart
99%
{Last} {Christmas}, I gave you my heart
99%
{Last} {Christmas}, I gave you my heart
99%
{Last} {Christmas}, I gave you my heart
99%
{Last} {Christmas}, I gave you my heart
99%
{Last} {Christmas}, I gave you my heart
99%
This year, to save me from {tears}
97%
This year, to save me from {tears}
97%
This year, to save me from {tears}
97%
This year, to save me from {tears}
97%
This year, to save me from {tears}
97%
This year, to save me from {tears}
97%
Do {you} recognize me?
96%
Once bitten and {twice} shy
87%
But you still {catch} my eye
84%
Now, I know what a {fool} I've been
82%
I keep my {distance}
79%
But if you kissed me {now}
78%
With a note saying, "{I} {love} {you}, " I meant it
78%
It doesn't {surprise} me
77%
{Tell} {me}, baby
77%
Me? I guess I was a {shoulder} to cry on
76%
Maybe {next} year I'll give it to someone
72%
{I} {know} you'd fool me again
69%
(Merry Christmas!) I {wrapped} it up and sent it
69%
{Well}, it's been a year
67%
A face on a {lover} with a fire in his heart
63%
A face on a {lover} with a fire in his heart
63%
My god, I thought you were someone to {rely} on
63%
A man {under} {cover} but you tore me apart
54%
A man {under} {cover} but you tore me apart
54%
A crowded room, friends with {tired} {eyes}
42%
I'm {hiding} from you, and your soul of ice
39%
Now, I've found a {real} {love} you'll never fool me again
39%
No matching quizzes found
Score Distribution
Percent of People with Each Score
Percentile by Number Answered
Your Score History
You have not taken this quiz